Gaming Quiz

Random Gaming or Pokémon Quiz

Pokémon by Species (Gen I) Quiz Stats

 Plays Quiz not verified by Sporcle

Support Sporcle.
Go Orange.
Score 0/20 Timer 04:00
0 Plays Today
Species Pokémon % Correct
TransformDitto
95.6%
Tiny TurtleSquirtle
93.4%
Rock SnakeOnix
91.2%
MantisScyther
91.2%
New SpeciesMew
90.1%
Twin BirdDoduo
87.9%
River CrabKrabby
84.6%
Hairy BugWeedle
83.5%
ShadowGengar
83.5%
LizardCharmander
83.5%
Species Pokémon % Correct
TransportLapras
78%
EvolutionEevee
74.7%
FossilAerodactyl
72.5%
CoconutExeggutor
71.4%
DopeySlowpoke
70.3%
SpitfireMagmar
68.1%
LonelyCubone
62.6%
MegatonGolem
61.5%
InsectVenonat
60.4%
AtrociousGyarados
53.8%

You're not logged in!

Compare scores with friends on all Sporcle quizzes.
OR
Log In

From the Vault

Faces on TIME (1950s)

by googlebird

"Lost time is never found again." -Benjamin Franklin
Remove Ads.
Support Sporcle.
Get the best of Sporcle when you Go Orange. This ad-free experience offers more features, more stats, and more fun while also helping to support Sporcle. Thank you for becoming a member.

Show Comments

Extras

Created Feb 21, 2011SourceReportNominate
Tags:Pokémon Quiz, gen

Top Quizzes Today


Score Distribution

Your Account Isn't Verified!

In order to create a playlist on Sporcle, you need to verify the email address you used during registration. Go to your Sporcle Settings to finish the process.

Report this User

Report this user for behavior that violates our Community Guidelines.

Details: